UBT Library

DENTAL EMBRYOLOGY HISTOLOGY AND ANATOMY (Record no. 58838)

000 -LEADER
fixed length control field 00354nam a22001457a 4500
008 - FIXED-LENGTH DATA ELEMENTS--GENERAL INFORMATION
fixed length control field 221110b ||||| |||| 00| 0 eng d
020 ## - INTERNATIONAL STANDARD BOOK NUMBER
International Standard Book Number 9781437717303
041 ## - LANGUAGE CODE
Language code of text/sound track or separate title eng
080 ## - UNIVERSAL DECIMAL CLASSIFICATION NUMBER
Edition identifier THIRD EDITION
Universal Decimal Classification number 616.31
082 ## - DEWEY DECIMAL CLASSIFICATION NUMBER
Classification number 616.31 BAL
100 ## - Rafti
Rafti 12
101 ## - Shkurtesa
Shkurtesa STOMA
245 ## - TITLE STATEMENT
Title DENTAL EMBRYOLOGY HISTOLOGY AND ANATOMY
Statement of responsibility, etc BALOGH M
942 ## - ADDED ENTRY ELEMENTS (KOHA)
Source of classification or shelving scheme
Item type Books
Holdings
Withdrawn status Lost status Source of classification or shelving scheme Damaged status Not for loan Collection code Permanent location Current location Date acquired Total Checkouts Full call number Barcode Date last seen Price effective from Koha item type
          Koleksioni i përgjithshem UBT - Lipjan UBT - Lipjan 11/10/2022   616.31 BAL 002-800028700260587 11/10/2022 11/10/2022 Books
          Koleksioni i përgjithshem UBT - Lipjan UBT - Lipjan 11/10/2022   616.31 BAL 002-800028700260588 11/10/2022 11/10/2022 Books
UBT Library © 2015-2024. All rights reserved University Education for Business and Technology